| 000 | 01087nam a22002177a 4500 | ||
|---|---|---|---|
| 999 |
_c371042 _d371042 |
||
| 008 | 201127b ||||| |||| 00| 0 eng d | ||
| 040 |
_aISIL EINTRAGEN _bger _cSTAFF _erda |
||
| 041 | _ager | ||
| 100 | _aTargiel, Ralf-Rüdiger | ||
| 245 |
_aDas gelöste Rätsel um eine Stadtansicht. _bGeschichte: In Kooperation mit dem Stadtarchiv zeigt der Stadtbote regelmäßig ein historisches Bild und erzählt die Geschichte dahinter. Diesmal: eine Ansicht Frankfurts, die einen von Schinkel geplanten, aber nicht verwirklichten Zustand der Marienkirche zeigt ./ _cRalf-Rüdiger Tragiel |
||
| 653 | _aFrankfurt (Oder) | ||
| 653 | _aSchinkel, Karl Friedrich; Architekt, Grafiker, Bühnenbildner, Maler, Architekt, 1781-1841 | ||
| 653 | _aMarienkirche Frankfurt (Oder) | ||
| 653 | _aStadtarchiv (Frankfurt (Oder)) | ||
| 653 | _aStadtansicht | ||
| 773 |
_g32. Jahrgang (2021) Nr. 251 vom 27.10.2021, S. 16 _dFrankfurt (Oder) Märkisches Verlags- und Druckhaus GmbH & Co KG _tMärkische Oderzeitung |
||
| 942 | _cA | ||